わくわくどきどき目的地クイズ - Statistics

General Stats
  • This quiz has been taken 175 times
  • The average score is 10 of 15
Answer Stats
乗る種別 方向 進む駅数 Answer % Correct
中央特快 下り 8 立川
96%
特急 上り 1 上野
71%
快速 上り 9 武蔵小杉
68%
特急 下り 18 仙台
68%
普通 下り 1 赤羽
63%
こまち 下り 8 角館
63%
特急 上り 6 池袋
62%
普通 下り 9 青森
61%
特別快速 下り 4 石巻
59%
普通 下り 7 小牛田
58%
普通 上り 11 野辺地
58%
快速 下り 9 弘前
57%
普通 下り 3 古川
56%
普通 下り 28 鷹巣
56%
快速 下り 3 大湊
56%
No matching quizzes found
Score Distribution
Percent of People with Each Score
Percentile by Number Answered
Your Score History
You have not taken this quiz